International Humand Rights and Humanitarian Law (Record no. 15709)
[ view plain ]
| 000 -LEADER | |
|---|---|
| fixed length control field | 00473nam a22001577a 4500 |
| 008 - FIXED-LENGTH DATA ELEMENTS--GENERAL INFORMATION | |
| fixed length control field | 160219b xxu||||| |||| 00| 0 eng d |
| 020 ## - INTERNATIONAL STANDARD BOOK NUMBER | |
| International Standard Book Number | 0521019281 |
| 040 ## - CATALOGING SOURCE | |
| Original cataloging agency | KABU |
| Transcribing agency | KABU |
| 100 ## - MAIN ENTRY--PERSONAL NAME | |
| Personal name | Provost, Rene |
| 245 ## - TITLE STATEMENT | |
| Title | International Humand Rights and Humanitarian Law |
| Statement of responsibility, etc. | Rene Provost |
| 260 ## - PUBLICATION, DISTRIBUTION, ETC. (IMPRINT) | |
| Place of publication, distribution, etc. | New York |
| Name of publisher, distributor, etc. | Cambridge University Press |
| Date of publication, distribution, etc. | 2002 |
| 300 ## - PHYSICAL DESCRIPTION | |
| Extent | xlii, 418p. |
| 650 ## - SUBJECT ADDED ENTRY--TOPICAL TERM | |
| Topical term or geographic name as entry element | Humanitarian Law |
| 650 ## - SUBJECT ADDED ENTRY--TOPICAL TERM | |
| Topical term or geographic name as entry element | Human Rights |
| 942 ## - ADDED ENTRY ELEMENTS (KOHA) | |
| Source of classification or shelving scheme | Library of Congress Classification |
| Koha item type | General Collection |
| Classification part | KZ6471 |
| Call number prefix | .P76 2002 |
| Withdrawn status | Lost status | Source of classification or shelving scheme | Not for loan | Home library | Current library | Shelving location | Date acquired | Cost, normal purchase price | Total Checkouts | Full call number | Barcode | Date last seen | Date last checked out | Copy number | Price effective from | Koha item type | Total Renewals |
|---|---|---|---|---|---|---|---|---|---|---|---|---|---|---|---|---|---|
| Library of Congress Classification | Kabarak, Main Campus | Kabarak, Main Campus | General Stacks | 19/02/2016 | 12500.00 | 8 | KZ6471 .P76 2002 C.1 | 021226 | 16/10/2019 | 30/09/2019 | c.1 | 19/02/2016 | General Collection | ||||
| Library of Congress Classification | Kabarak, Main Campus | Kabarak, Main Campus | General Stacks | 19/02/2016 | 5229.00 | 2 | KZ6471 .P76 2002 c.2 | 028248 | 13/04/2023 | 11/04/2023 | 19/02/2016 | General Collection | |||||
| Library of Congress Classification | Kabarak, Main Campus | Kabarak, Main Campus | General Stacks | 19/02/2016 | 5229.00 | 7 | KZ6471 .P76 2002 c.3 | 028249 | 12/11/2024 | 17/10/2024 | 19/02/2016 | General Collection | 1 | ||||
| Library of Congress Classification | Kabarak, Main Campus | Kabarak, Main Campus | General Stacks | 19/02/2016 | 5229.00 | 1 | KZ6471 .P76 2002 c.4 | 028250 | 29/09/2025 | 20/09/2025 | 19/02/2016 | General Collection | |||||
| Library of Congress Classification | Kabarak, Main Campus | Kabarak, Main Campus | General Stacks | 19/02/2016 | 5229.00 | 5 | KZ6471 .P76 2002 c.5 | 028251 | 09/12/2025 | 09/09/2025 | 19/02/2016 | General Collection | 1 |